Finish the Company Name Quiz Stats

 Plays Quiz Updated May 23, 2019

Score 0/20 Timer 04:00
1 Play Today
Question Answer Wrong Answers
Burger ____ King
96.7%
Queen
0.4%
Cardinals
0.2%
Rabbi
0.2%
Taco ____ Bell
96.5%
Balloon
0.3%
Wine
0.4%
Leopard
0.3%
___flix Net
93.6%
Ball
0.7%
Chill
1.5%
Watch
1.6%
21st Century ____ Fox
93.2%
Alligator
1.3%
Cheetah
1.8%
Meerkat
1%
Face____ Book
93.2%
Blocks
1.3%
Brooke
2%
Rook
0.9%
Red ____ Bull
93%
Goose
2.8%
Sheep
0.8%
Pig
1%
Six ____ Flags
89.7%
Donuts
1.5%
Candies
1.8%
Diamonds
4.2%
Dollar ____ Tree
88.1%
Bat
2.3%
Rose
5%
Camel
1.9%
____star Games Rock
84.6%
Brick
7.1%
Log
4.3%
Mushroom
1.2%
____ & Decker Black
83.7%
Red
6.2%
Green
2.9%
Blue
4.4%
____ Queen Dairy
82.2%
Meat
4.8%
Grains
6.5%
Fruits & Vegetables
3.6%
American ____ Outfitters Eagle
81.3%
Bison
4.1%
Penguin
1%
Cowboy
10.9%
____ Fried Chicken Kentucky
74.7%
Montana
11.9%
Hawaii
1.1%
Pennsylvania
9.7%
Maxwell ____ House
73.6%
Castle
11.5%
Boat
5.7%
Train
6.1%
Milton ____ Bradley
72.8%
Leonardo
5.1%
Tom
7.9%
Bruce
10.9%
____ Electric General
72.3%
Gardener
9%
Conductor
9.9%
Judge
5.6%
____Daddy Go
69.9%
Free Parking
8.4%
Jail
5.9%
Go to Jail
12.7%
Star____ Bucks
65.2%
Bears
13.8%
Squirrels
9%
Snails
8.5%
Alfa ____ Romeo
60.3%
Hamlet
11.2%
Othello
11.5%
Macbeth
13.6%
Royal Dutch ____ Shell
49.8%
Owl
9.5%
Rowboat
29.4%
Highlighter
7.9%

You're not logged in!

Compare scores with friends on all Sporcle quizzes.
OR
Log In

Show Comments

Extras

Top Quizzes Today


Score Distribution

Your Account Isn't Verified!

In order to create a playlist on Sporcle, you need to verify the email address you used during registration. Go to your Sporcle Settings to finish the process.

Report this User

Report this user for behavior that violates our Community Guidelines.

Details: